[Event "7th Marlboro Classic"]
[Site "Manila PHI"]
[Date "1979.06.21"]
[Round "6"]
[White "Yap, Andronico"]
[Black "Maninang, Jesus Rafael"]
[WhiteElo "2390"]
[BlackElo "2310"]
[Result "1-0"]
[EventDate "1979.06.15"]
[PlyCount "93"]

1.e4 c5 2.Nf3 Nf6 3.e5 Nd5 4.b3 g6 5.Bc4 Nb6 6.Be2 Bg7 7.Nc3 Nc6 8.a4 d5 
9.exd6 Qxd6 10.Bb2 O-O 11.Nb5 Qd7 12.Bxg7 Kxg7 13.c4 a6 14.Nc3 Qf5 15.O-O 
e5 16.a5 Nd7 17.d3 Qf6 18.Qd2 Qd6 19.Nd5 Rb8 20.Ng5 f5 21.f4 h6 22.Nh3 Nf6
23.Nxf6 Rxf6 24.fxe5 Qxe5 25.Rae1 Qd6 26.Nf4 Be6 27.Bf3 Nd4 28.Bd5 b5 29.
axb6 Bf7 30.Bxf7 Rxf7 31.Nd5 Nxb3 32.Qb2+ Nd4 33.Re3 a5 34.Rfe1 a4 35.Re6 
Qd8 36.Rc6 a3 37.Qc3 Kh7 38.Rxc5 Qh4 39.Rc7 Rxc7 40.bxc7 Rb2 41.Re7+ Qxe7 
42.Nxe7 Ne2+ 43.Kf1 Nxc3 44.c8=Q Kg7 45.Qd7 Kf6 46.Qd6+ Kf7 47.Qxa3 1-0

[Event "7th Marlboro Classic"]
[Site "Manila PHI"]
[Date "1979.06.22"]
[Round "7"]
[White "Ardiansyah, Haji"]
[Black "Rodriguez, Ruben"]
[WhiteElo "2380"]
[BlackElo "2370"]
[Result "1-0"]
[EventDate "1979.06.15"]
[PlyCount "89"]

1.e4 c5 2.Nf3 Nc6 3.d4 cxd4 4.Nxd4 Nf6 5.Nc3 d6 6.Bc4 e6 7.Be3 a6 8.Bb3 
Be7 9.O-O Qc7 10.f4 Nxd4 11.Bxd4 O-O 12.f5 b5 13.a3 exf5 14.Nd5 Qd8 15.
Nxe7+ Qxe7 16.exf5 Bb7 17.Re1 Qd8 18.Qd2 h6 19.Re3 Ne4 20.Qe2 Qh4 21.c3 
Rfe8 22.Re1 Bc6 23.Qf3 d5 24.g3 Qg5 25.R1e2 h5 26.h4 Qxg3+ 27.Rg2 Qxf3 28.
Rxg7+ Kf8 29.Rxf3 f6 30.Rg6 Kf7 31.Re3 Bb7 32.Kh2 Re7 33.Bc2 Rg8 34.Bxe4 
Rxe4 35.Rxf6+ Ke7 36.Rh6 Rxe3 37.Bxe3 Bc8 38.Rxh5 Kd6 39.Bd4 Rf8 40.Rh6+ 
Kd7 41.Rh7+ Kd6 42.f6 Ke6 43.Kg3 Rf7 44.Rh8 Bd7 45.Kf4 1-0

[Event "7th Marlboro Classic"]
[Site "Manila PHI"]
[Date "1979.06.22"]
[Round "7"]
[White "Maninang, Jesus Rafael"]
[Black "Olafsson, Fridrik"]
[WhiteElo "2310"]
[BlackElo "2555"]
[Result "1/2-1/2"]
[EventDate "1979.06.15"]
[PlyCount "33"]

1.e4 c5 2.Nf3 e6 3.d4 cxd4 4.Nxd4 a6 5.Nc3 b5 6.Bd3 Bb7 7.O-O Nc6 8.Nxc6 
Bxc6 9.Qe2 Bc5 10.a4 b4 11.Nd5 Bb7 12.Be3 Qa5 13.Qg4 Kf8 14.Bxc5+ Qxc5 15.
Ne3 Nf6 16.Qf4 d6 17.c3 1/2-1/2

[Event "7th Marlboro Classic"]
[Site "Manila PHI"]
[Date "1979.06.22"]
[Round "7"]
[White "Sampouw, Jacobus Sawandar"]
[Black "Keene, Raymond Dennis"]
[WhiteElo "2320"]
[BlackElo "2465"]
[Result "0-1"]
[EventDate "1979.06.15"]
[PlyCount "58"]

1.Nf3 Nf6 2.c4 d6 3.Nc3 Bg4 4.d4 Bxf3 5.gxf3 g6 6.Qb3 Qc8 7.Bh3 Nbd7 8.e4 
e6 9.Be3 Bg7 10.f4 Nh5 11.Bg4 Nhf6 12.h3 O-O 13.e5 Nxg4 14.hxg4 c5 15.d5 
dxe5 16.O-O-O exf4 17.Bxf4 Nf6 18.f3 exd5 19.cxd5 a6 20.Qc2 Re8 21.Qh2 h5 
22.Qd2 Qd7 23.Rdg1 hxg4 24.Bh6 Bh8 25.Bg5 Bg7 26.Bxf6 Bxf6 27.Rxg4 Qf5 28.
Rgg1 Bd4 29.Ne4 Qxf3 0-1

[Event "7th Marlboro Classic"]
[Site "Manila PHI"]
[Date "1979.06.22"]
[Round "7"]
[White "Shaw, Terrey Ian"]
[Black "Averbakh, Yury"]
[WhiteElo "2355"]
[BlackElo "2515"]
[Result "1/2-1/2"]
[EventDate "1979.06.15"]
[PlyCount "57"]

1.e4 c5 2.Nc3 Nc6 3.g3 g6 4.Bg2 Bg7 5.d3 d6 6.f4 e6 7.Nf3 Nge7 8.O-O O-O 
9.Be3 Nd4 10.Rb1 d5 11.Ne2 Nxe2+ 12.Qxe2 b6 13.c3 Bb7 14.Qc2 Qd7 15.a3 
Rfd8 16.Rfd1 dxe4 17.dxe4 Qc7 18.b3 Rxd1+ 19.Rxd1 Rd8 20.Ng5 h6 21.Rxd8+ 
Qxd8 22.Nf3 Qa8 23.Ne1 f5 24.e5 Bxg2 25.Qxg2 Qxg2+ 26.Kxg2 Nc6 27.Nd3 Bf8 
28.Kf3 Be7 29.h4 1/2-1/2

[Event "7th Marlboro Classic"]
[Site "Manila PHI"]
[Date "1979.06.22"]
[Round "7"]
[White "Torre, Eugenio"]
[Black "Yap, Andronico"]
[WhiteElo "2520"]
[BlackElo "2390"]
[Result "1-0"]
[EventDate "1979.06.15"]
[PlyCount "81"]

1.e4 g6 2.d4 Bg7 3.Nf3 d6 4.Bc4 c6 5.Nc3 e6 6.O-O b5 7.Bd3 Ne7 8.e5 d5 9.
Ne2 Nd7 10.c3 a5 11.Ng3 h5 12.Bg5 Nf8 13.Qd2 Nh7 14.Bh6 Bxh6 15.Qxh6 Kd7 
16.Qf4 Qg8 17.h4 Ba6 18.Rfe1 Qg7 19.Qd2 Rhb8 20.Ne2 Qf8 21.Nc1 a4 22.Bc2 
Nf5 23.Nd3 Kc7 24.Nc5 Qe7 25.Bxf5 gxf5 26.b3 Rg8 27.bxa4 bxa4 28.Nxa4 Qa3 
29.Nc5 Bb5 30.Reb1 Rg4 31.Rb3 Qa5 32.a4 Rag8 33.Ne1 Rxh4 34.Rab1 Ng5 35.
axb5 Nh3+ 36.Kf1 Nf4 37.f3 Rh1+ 38.Kf2 Nh3+ 39.Ke3 f4+ 40.Kd3 Rg3 41.b6+ 
1-0

[Event "7th Marlboro Classic"]
[Site "Manila PHI"]
[Date "1979.06.23"]
[Round "8"]
[White "Dorfman, Iosif"]
[Black "Shaw, Terrey Ian"]
[WhiteElo "2595"]
[BlackElo "2355"]
[Result "1-0"]
[EventDate "1979.06.15"]
[PlyCount "75"]

1.c4 e5 2.Nc3 d6 3.g3 c6 4.d4 Nf6 5.Bg2 Be7 6.e4 O-O 7.Nge2 Be6 8.b3 Qc8 
9.O-O Bh3 10.Ba3 Bxg2 11.Kxg2 Qc7 12.Rc1 Qa5 13.Bb2 Nbd7 14.a3 Rfe8 15.Qc2
Rac8 16.Rfd1 exd4 17.Nxd4 g6 18.Re1 Qh5 19.Qd1 Qxd1 20.Rcxd1 Nc5 21.f4 Bf8
22.Kf3 Re7 23.b4 Ncd7 24.Nb3 Ree8 25.Na5 Rc7 26.g4 h6 27.h4 h5 28.g5 Ng4 
29.Re2 Nb6 30.Rd3 Nc8 31.Red2 Rce7 32.c5 dxc5 33.bxc5 Rc7 34.Rd8 Rxd8 35.
Rxd8 f6 36.Nc4 Kf7 37.Nd6+ Kg7 38.Ne8+ 1-0

[Event "7th Marlboro Classic"]
[Site "Manila PHI"]
[Date "1979.06.23"]
[Round "8"]
[White "Keene, Raymond Dennis"]
[Black "Bachtiar, Arovah"]
[WhiteElo "2465"]
[BlackElo "2365"]
[Result "1/2-1/2"]
[EventDate "1979.06.15"]
[PlyCount "82"]

1.c4 Nf6 2.Nc3 d5 3.cxd5 Nxd5 4.Nf3 g6 5.d4 Bg7 6.e4 Nxc3 7.bxc3 O-O 8.Be2
c5 9.O-O cxd4 10.cxd4 Nc6 11.Be3 Bg4 12.d5 Bxf3 13.Bxf3 Ne5 14.Be2 Qa5 15.
Qb3 b6 16.Rac1 Rac8 17.a4 Nd7 18.Bb5 Rxc1 19.Rxc1 Nc5 20.Qc4 Bb2 21.Rb1 
Bf6 22.Bc6 Qc3 23.Qxc3 Bxc3 24.Rc1 Bb4 25.Rc4 a5 26.f3 f6 27.Kf1 g5 28.Ke2
Kg7 29.g3 h6 30.Bd4 Kg6 31.Ke3 Rb8 32.Bb5 Nb3 33.Bb2 Nc5 34.Rc2 Rd8 35.Rc1
e6 36.Rd1 exd5 37.Rxd5 Rxd5 38.Be8+ Kg7 39.exd5 Nb7 40.Kd3 Nd6 41.Bh5 Bc5 
1/2-1/2

[Event "7th Marlboro Classic"]
[Site "Manila PHI"]
[Date "1979.06.23"]
[Round "8"]
[White "Maninang, Jesus Rafael"]
[Black "Torre, Eugenio"]
[WhiteElo "2310"]
[BlackElo "2520"]
[Result "1/2-1/2"]
[EventDate "1979.06.15"]
[PlyCount "29"]

1.e4 d6 2.d4 Nf6 3.Nc3 g6 4.Nf3 Bg7 5.Be2 O-O 6.O-O c5 7.d5 Na6 8.h3 Nc7 
9.a4 b6 10.Re1 Bb7 11.Bf4 a6 12.Bc4 Qd7 13.Qd3 Rad8 14.Rad1 Qc8 15.Qe2 
1/2-1/2

[Event "7th Marlboro Classic"]
[Site "Manila PHI"]
[Date "1979.06.23"]
[Round "8"]
[White "Olafsson, Fridrik"]
[Black "Averbakh, Yury"]
[WhiteElo "2555"]
[BlackElo "2515"]
[Result "1/2-1/2"]
[EventDate "1979.06.15"]
[PlyCount "27"]

1.Nf3 Nf6 2.c4 e6 3.g3 b6 4.Bg2 Bb7 5.O-O Be7 6.Nc3 O-O 7.d4 Ne4 8.Nxe4 
Bxe4 9.Ne1 Bxg2 10.Nxg2 d5 11.Qa4 dxc4 12.Qxc4 c5 13.dxc5 Bxc5 14.Be3 
1/2-1/2

[Event "7th Marlboro Classic"]
[Site "Manila PHI"]
[Date "1979.06.23"]
[Round "8"]
[White "Rodriguez, Ruben"]
[Black "Sampouw, Jacobus Sawandar"]
[WhiteElo "2370"]
[BlackElo "2320"]
[Result "1-0"]
[EventDate "1979.06.15"]
[PlyCount "75"]

1.e4 c5 2.Nf3 d6 3.d4 cxd4 4.Nxd4 Nf6 5.Nc3 a6 6.g3 Bg4 7.f3 Bd7 8.Be3 g6 
9.g4 h6 10.Qd2 Bg7 11.h4 Nc6 12.O-O-O Rc8 13.Be2 Ne5 14.g5 hxg5 15.hxg5 
Nh5 16.f4 Nc4 17.Bxc4 Rxc4 18.f5 Qa5 19.Kb1 Be5 20.Qd3 b5 21.Nd5 Qd8 22.b3
Qb8 23.Nf3 Bg7 24.Bd4 Rxd4 25.Nxd4 Be5 26.Nf3 Bg7 27.fxg6 fxg6 28.Nh4 e6 
29.Nxg6 exd5 30.Nxh8 Nf4 31.Qf3 Be5 32.Nf7 Kxf7 33.Rh4 Qg8 34.Rxf4+ Ke7 
35.Rf1 Qxg5 36.Rf8 Be6 37.exd5 Bg8 38.Qf7+ 1-0

[Event "7th Marlboro Classic"]
[Site "Manila PHI"]
[Date "1979.06.23"]
[Round "8"]
[White "Yap, Andronico"]
[Black "Rogers, Ian"]
[WhiteElo "2390"]
[BlackElo "2390"]
[Result "1-0"]
[EventDate "1979.06.15"]
[PlyCount "79"]

1.e4 e6 2.d4 d5 3.Nd2 Ne7 4.c3 Ng6 5.Ngf3 b6 6.e5 Qd7 7.h4 Ba6 8.Bxa6 Nxa6
9.h5 Ne7 10.Qe2 Nb8 11.h6 g6 12.Nf1 Qa4 13.Bg5 Nd7 14.Ne3 Nf5 15.g4 Ne7 
16.Bf6 Nxf6 17.exf6 Nc6 18.Nxd5 O-O-O 19.Ne3 Bd6 20.Nc4 Na5 21.Nce5 Rhf8 
22.Qa6+ Kb8 23.b4 Bxe5 24.Nxe5 Rd5 25.O-O Rfd8 26.f4 Rxe5 27.dxe5 Rd2 28.
Rf2 Rxf2 29.Kxf2 Qc2+ 30.Qe2 Qxc3 31.Rd1 Qxb4 32.Rd8+ Kb7 33.Qf3+ Nc6 34.
Rd7 Qc5+ 35.Kg2 Kb8 36.Rxf7 g5 37.Rg7 Kb7 38.f7 Qf8 39.fxg5 Qa8 40.f8=Q 
1-0

[Event "7th Marlboro Classic"]
[Site "Manila PHI"]
[Date "1979.06.24"]
[Round "9"]
[White "Ardiansyah, Haji"]
[Black "Yap, Andronico"]
[WhiteElo "2380"]
[BlackElo "2390"]
[Result "1-0"]
[EventDate "1979.06.15"]
[PlyCount "83"]

1.e4 c5 2.Nf3 Nc6 3.d4 cxd4 4.Nxd4 e6 5.Nxc6 bxc6 6.Bd3 Ba6 7.O-O Bxd3 8.
Qxd3 d5 9.Nc3 Nf6 10.Re1 Be7 11.e5 Nd7 12.Qg3 g5 13.Bd2 Qc7 14.b3 Rg8 15.
Na4 g4 16.c4 d4 17.f4 c5 18.Qd3 Rg6 19.f5 exf5 20.Qxf5 Qc6 21.Nb2 g3 22.h3
O-O-O 23.Nd3 Rf8 24.Nf4 Rg5 25.Qxh7 Rxe5 26.Rxe5 Nxe5 27.Re1 Qf6 28.Qe4 
Bd6 29.b4 Re8 30.Rf1 cxb4 31.Bxb4 Bb8 32.Nd5 Qa6 33.Rxf7 Qe6 34.Ne7+ Kd8 
35.Ba5+ Bc7 36.Qxd4+ Nd7 37.Bxc7+ Kxc7 38.Qxa7+ Kd8 39.Qa8+ Kc7 40.Nd5+ 
Kd6 41.Qa3+ Nc5 42.Qxg3+ 1-0

[Event "7th Marlboro Classic"]
[Site "Manila PHI"]
[Date "1979.06.24"]
[Round "9"]
[White "Averbakh, Yury"]
[Black "Dorfman, Iosif"]
[WhiteElo "2515"]
[BlackElo "2595"]
[Result "1/2-1/2"]
[EventDate "1979.06.15"]
[PlyCount "45"]

1.Nf3 Nf6 2.c4 e6 3.g3 b6 4.Bg2 Bb7 5.O-O c5 6.b3 Be7 7.Bb2 O-O 8.e3 Nc6 
9.Nc3 d5 10.cxd5 Nxd5 11.Nxd5 Qxd5 12.d4 Rad8 13.Ne5 Qd6 14.dxc5 Qxc5 15.
Qe2 Nxe5 16.Bxb7 Qa5 17.Qa6 Qxa6 18.Bxa6 Nd3 19.Bc3 Bb4 20.Rad1 Bxc3 21.
Rxd3 Rxd3 22.Bxd3 Rd8 23.Rd1 1/2-1/2

[Event "7th Marlboro Classic"]
[Site "Manila PHI"]
[Date "1979.06.24"]
[Round "9"]
[White "Bachtiar, Arovah"]
[Black "Rodriguez, Ruben"]
[WhiteElo "2365"]
[BlackElo "2370"]
[Result "1-0"]
[EventDate "1979.06.15"]
[PlyCount "82"]

1.e4 g6 2.d4 Bg7 3.c4 c5 4.d5 d6 5.Nc3 Nf6 6.f3 O-O 7.Be3 e6 8.dxe6 Bxe6 
9.Qd2 Nc6 10.Rd1 Qa5 11.Rc1 a6 12.b3 b5 13.cxb5 axb5 14.Bxb5 Ne5 15.Nge2 
Rfb8 16.Ba4 Bc4 17.O-O Ba6 18.Rfd1 Nd3 19.Rb1 Qb4 20.Qc2 Ne5 21.Nf4 c4 22.
Ncd5 Nxd5 23.Nxd5 Qa5 24.Ne7+ Kf8 25.Nc6 Nxc6 26.Bxc6 cxb3 27.axb3 Rc8 28.
b4 Qc7 29.Rbc1 Rab8 30.Qd2 Kg8 31.b5 Bb7 32.Qxd6 Qxd6 33.Rxd6 Be5 34.Rdd1 
Bxc6 35.bxc6 Rb2 36.Bd4 Bxd4+ 37.Rxd4 Kf8 38.Rd6 Rb6 39.e5 Ke7 40.f4 Rc7 
41.Kf2 Rb2+ 1-0

[Event "7th Marlboro Classic"]
[Site "Manila PHI"]
[Date "1979.06.24"]
[Round "9"]
[White "Rogers, Ian"]
[Black "Maninang, Jesus Rafael"]
[WhiteElo "2390"]
[BlackElo "2310"]
[Result "0-1"]
[EventDate "1979.06.15"]
[PlyCount "98"]

1.e4 c5 2.c3 Nf6 3.e5 Nd5 4.d4 cxd4 5.Qxd4 e6 6.Nf3 Nc6 7.Qe4 d6 8.Nbd2 
dxe5 9.Nxe5 Nxe5 10.Qxe5 Nf6 11.Nc4 Qd5 12.Bf4 Bc5 13.Qxd5 Nxd5 14.Bd6 
Bxd6 15.Nxd6+ Ke7 16.Nxc8+ Raxc8 17.g3 Rhd8 18.O-O-O Nf6 19.Be2 g5 20.Bf3 
b6 21.Rxd8 Rxd8 22.Kc2 e5 23.b4 Ke6 24.a4 e4 25.Be2 Ke5 26.c4 h5 27.Kc3 
Ng4 28.f3 Nf2 29.Re1 f5 30.h4 f4 31.gxf4+ Kxf4 32.fxe4 Nxe4+ 33.Kb3 gxh4 
34.Bxh5 h3 35.Bf7 Rd3+ 36.Kc2 Rc3+ 37.Kb2 Re3 38.Rc1 h2 39.Bd5 Rh3 40.Rf1+
Ke5 41.Rh1 Nf2 42.Re1+ Kd4 43.Kc2 h1=Q 44.Bxh1 Rxh1 45.Rxh1 Nxh1 46.Kb3 
Nf2 47.a5 Ne4 48.Ka4 Kxc4 49.a6 Nc3+ 0-1

[Event "7th Marlboro Classic"]
[Site "Manila PHI"]
[Date "1979.06.24"]
[Round "9"]
[White "Shaw, Terrey Ian"]
[Black "Keene, Raymond Dennis"]
[WhiteElo "2355"]
[BlackElo "2465"]
[Result "0-1"]
[EventDate "1979.06.15"]
[PlyCount "80"]

1.e4 c5 2.Nc3 Nc6 3.g3 g6 4.Bg2 Bg7 5.d3 d6 6.f4 Rb8 7.Nf3 b5 8.a3 a5 9.
O-O b4 10.axb4 axb4 11.Nd5 e6 12.Ne3 Nge7 13.f5 exf5 14.exf5 Nxf5 15.Nxf5 
Bxf5 16.Ng5 Ne5 17.Ne4 O-O 18.Bg5 f6 19.Bf4 Qb6 20.Kh1 Rbd8 21.Be3 Kh8 22.
Bg1 Nc6 23.Nd2 Be6 24.Re1 Bg8 25.Nc4 Qb5 26.Ne3 d5 27.c4 dxc4 28.Nxc4 f5 
29.Qa4 Qxa4 30.Rxa4 Nd4 31.Ra5 Nb3 32.Rb5 Rxd3 33.Ne5 Rd2 34.Bxc5 Nxc5 35.
Rxc5 Rxb2 36.Bd5 Bxe5 37.Rxe5 Rd8 38.Bf3 Rd3 39.Re2 Rxe2 40.Bxe2 Rd2 0-1

[Event "7th Marlboro Classic"]
[Site "Manila PHI"]
[Date "1979.06.25"]
[Round "10"]
[White "Keene, Raymond Dennis"]
[Black "Averbakh, Yury"]
[WhiteElo "2465"]
[BlackElo "2515"]
[Result "1/2-1/2"]
[EventDate "1979.06.15"]
[PlyCount "29"]

1.c4 e5 2.Nf3 Nc6 3.Nc3 Nf6 4.e3 Be7 5.d4 exd4 6.Nxd4 O-O 7.Nxc6 bxc6 8.
Be2 d5 9.O-O Be6 10.Qa4 Qd6 11.Rd1 Rfd8 12.cxd5 cxd5 13.b3 a5 14.Bb2 Qb4 
15.Rac1 1/2-1/2

[Event "7th Marlboro Classic"]
[Site "Manila PHI"]
[Date "1979.06.25"]
[Round "10"]
[White "Maninang, Jesus Rafael"]
[Black "Ardiansyah, Haji"]
[WhiteElo "2310"]
[BlackElo "2380"]
[Result "1-0"]
[EventDate "1979.06.15"]
[PlyCount "75"]

1.e4 c5 2.Nf3 Nc6 3.d4 cxd4 4.Nxd4 Nf6 5.Nc3 d6 6.Be3 e5 7.Nf3 Be7 8.h3 
O-O 9.Bc4 a6 10.O-O b5 11.Bb3 Bb7 12.Bg5 b4 13.Bxf6 bxc3 14.Bxe7 Nxe7 15.
Qd3 cxb2 16.Rab1 Ng6 17.Rxb2 Nf4 18.Qe3 Qf6 19.Kh2 d5 20.exd5 e4 21.Qxe4 
Qxb2 22.Qxf4 a5 23.a4 Rac8 24.Rd1 h6 25.Ne5 Kh7 26.Nd7 Rfd8 27.Qxf7 Qc3 
28.d6 Qc6 29.Nf6+ Kh8 30.Qg6 Qxg2+ 31.Qxg2 Bxg2 32.d7 Rb8 33.Kxg2 gxf6 34.
Bc4 Rb4 35.Bb5 Re4 36.c4 Re5 37.f4 Rc5 38.Re1 1-0

[Event "7th Marlboro Classic"]
[Site "Manila PHI"]
[Date "1979.06.25"]
[Round "10"]
[White "Olafsson, Fridrik"]
[Black "Dorfman, Iosif"]
[WhiteElo "2555"]
[BlackElo "2595"]
[Result "1/2-1/2"]
[EventDate "1979.06.15"]
[PlyCount "23"]

1.c4 Nf6 2.Nc3 e6 3.d4 d5 4.Bg5 Be7 5.Nf3 h6 6.Bh4 O-O 7.Rc1 Ne4 8.Bxe7 
Qxe7 9.Qc2 c6 10.e3 Nd7 11.Bd3 Nxc3 12.Qxc3 1/2-1/2

[Event "7th Marlboro Classic"]
[Site "Manila PHI"]
[Date "1979.06.25"]
[Round "10"]
[White "Rodriguez, Ruben"]
[Black "Shaw, Terrey Ian"]
[WhiteElo "2370"]
[BlackElo "2355"]
[Result "1-0"]
[EventDate "1979.06.15"]
[PlyCount "167"]

1.e4 e5 2.Nf3 Nc6 3.Bb5 a6 4.Ba4 Nf6 5.O-O Be7 6.Re1 b5 7.Bb3 d6 8.c3 O-O 
9.d4 Bg4 10.Be3 exd4 11.cxd4 Na5 12.Bc2 c5 13.Nbd2 Nc6 14.Qb1 Qc7 15.h3 
Bc8 16.Rc1 cxd4 17.Nxd4 Nxd4 18.Bxd4 Qd7 19.Re1 Bb7 20.Nf1 Rfe8 21.Ng3 g6 
22.Qd1 Rac8 23.Bd3 Rf8 24.Qf3 Qe6 25.Qf4 Nd7 26.Rad1 Bf6 27.Bxf6 Qxf6 28.
Qxf6 Nxf6 29.Bb1 Rc6 30.Ne2 Rd8 31.e5 Ne8 32.Be4 Rc7 33.Nc3 Bxe4 34.Rxe4 
Rcd7 35.Red4 Kf8 36.Ne4 Ke7 37.exd6+ Nxd6 38.Nc5 Ra7 39.b4 f6 40.Re1+ Kf7 
41.Re6 Nb7 42.Rxd8 Nxd8 43.Rb6 h5 44.h4 g5 45.hxg5 fxg5 46.Rh6 Ke7 47.Rxh5
Nf7 48.Rh3 a5 49.Ra3 a4 50.Re3+ Kd6 51.Rd3+ Ke5 52.Nd7+ Ke4 53.Nc5+ Ke5 
54.g3 Rc7 55.Kg2 Rc6 56.f4+ gxf4 57.gxf4+ Kf5 58.Kf3 Rh6 59.Rd5+ Kg6 60.
Kg2 Rh4 61.Nd3 Rh8 62.a3 Rc8 63.Nc5 Re8 64.Kf2 Rh8 65.f5+ Kg5 66.Kg3 Rh1 
67.Ne4+ Kh6 68.Nc3 Kg5 69.Nxb5 Ra1 70.Kf3 Nh6 71.Ke2 Kf6 72.Rd6+ Kg7 73.
Rg6+ Kh7 74.Rg5 Rh1 75.f6 Rh4 76.Rg7+ Kh8 77.Kf3 Rh5 78.Nd4 Rh3+ 79.Rg3 
Rh1 80.Ke4 Rh4+ 81.Kd5 Rxd4+ 82.Kxd4 Nf5+ 83.Ke5 Nxg3 84.b5 1-0

[Event "7th Marlboro Classic"]
[Site "Manila PHI"]
[Date "1979.06.25"]
[Round "10"]
[White "Yap, Andronico"]
[Black "Sampouw, Jacobus Sawandar"]
[WhiteElo "2390"]
[BlackElo "2320"]
[Result "1/2-1/2"]
[EventDate "1979.06.15"]
[PlyCount "105"]

1.e4 e5 2.Nc3 Nf6 3.g3 Bc5 4.Bg2 d6 5.Nge2 Nc6 6.O-O Be6 7.d3 Qd7 8.Bg5 
Bh3 9.Nd5 Nxd5 10.exd5 Bxg2 11.Kxg2 f6 12.Be3 Ne7 13.c4 c6 14.dxc6 Qxc6+ 
15.Kg1 Bxe3 16.fxe3 h5 17.Nc3 h4 18.Qa4 Qxa4 19.Nxa4 hxg3 20.hxg3 Kf7 21.
e4 Nc6 22.Kg2 Nb4 23.Rf2 Rh6 24.Rh1 Rah8 25.Rxh6 Rxh6 26.a3 Nc6 27.Nc3 Nd4
28.Nb5 Nxb5 29.cxb5 Ke6 30.Rc2 Kd7 31.Rc4 Rh8 32.Ra4 Ra8 33.Kf3 Kc7 34.
Rc4+ Kd7 35.Kg4 g6 36.b3 Rc8 37.Kf3 Rxc4 38.dxc4 f5 39.b4 Kc7 40.a4 Kd7 
41.c5 a5 42.bxa6 bxa6 43.cxd6 Kxd6 44.Ke3 Kc6 45.Kd3 Kd6 46.Ke2 Kc6 47.Kf2
Kd6 48.Kg2 Kc6 49.Kf3 Kd6 50.Ke2 Kc6 51.Kd2 Kd6 52.Kc3 Kc6 53.Kd3 1/2-1/2

[Event "7th Marlboro Classic"]
[Site "Manila PHI"]
[Date "1979.06.27"]
[Round "11"]
[White "Ardiansyah, Haji"]
[Black "Torre, Eugenio"]
[WhiteElo "2380"]
[BlackElo "2520"]
[Result "0-1"]
[EventDate "1979.06.15"]
[PlyCount "40"]

1.e4 d6 2.d4 Nf6 3.Nc3 g6 4.Nf3 Bg7 5.Be2 O-O 6.O-O c6 7.a4 Nbd7 8.h3 e5 
9.dxe5 dxe5 10.Be3 Qe7 11.Qc1 Nc5 12.Bg5 Ne6 13.Nxe5 Nxg5 14.Qxg5 h6 15.
Qg3 Nh5 16.Nxg6 fxg6 17.Qxg6 Nf4 18.Bc4+ Kh8 19.Qg3 Be5 20.Kh1 Nxh3 0-1

[Event "7th Marlboro Classic"]
[Site "Manila PHI"]
[Date "1979.06.27"]
[Round "11"]
[White "Bachtiar, Arovah"]
[Black "Yap, Andronico"]
[WhiteElo "2365"]
[BlackElo "2390"]
[Result "0-1"]
[EventDate "1979.06.15"]
[PlyCount "148"]

1.e4 g6 2.d4 Bg7 3.c4 d6 4.Nc3 Nd7 5.Be3 c5 6.Nf3 Ngf6 7.d5 a6 8.Be2 O-O 
9.O-O Re8 10.h3 Qc7 11.Qd2 Nf8 12.Rad1 Bd7 13.Bh6 Bxh6 14.Qxh6 b5 15.Ng5 
b4 16.Nb1 e6 17.Bd3 exd5 18.exd5 Qc8 19.Qh4 Kg7 20.Qf4 h6 21.Nf3 Qc7 22.
Nbd2 g5 23.Qh2 Ng6 24.h4 Ng4 25.Qg3 f5 26.hxg5 Rh8 27.Nh2 Nxh2 28.Kxh2 
hxg5+ 29.Kg1 Rh5 30.f4 g4 31.Rfe1 Rah8 32.Nf1 Qd8 33.Qe3 Rh1+ 34.Kf2 Qf6 
35.Ng3 R1h2 36.Kg1 Qxb2 37.Rd2 Qf6 38.Rde2 R2h7 39.Qf2 Kf7 40.Re6 Bxe6 41.
dxe6+ Ke7 42.Bxf5 Rh1+ 43.Nxh1 Qxf5 44.Ng3 Qxf4 45.Nf5+ Kf6 46.Nxd6 Qxf2+ 
47.Kxf2 Ne5 48.Ne4+ Kxe6 49.Nxc5+ Kf5 50.Ke3 Nxc4+ 51.Kd4 Nd2 52.Nxa6 Rd8+
53.Ke3 b3 54.axb3 Nxb3 55.Rf1+ Kg5 56.Nc7 Rd6 57.g3 Nd4 58.Ke4 Nf3 59.Rc1 
Rf6 60.Rc5+ Kg6 61.Nd5 Ng5+ 62.Ke3 Rf3+ 63.Ke2 Ne4 64.Ra5 Nxg3+ 65.Kd2 Nf5
66.Ra4 g3 67.Rg4+ Kh6 68.Ke2 Ra3 69.Nf4 Re3+ 70.Kd2 Re8 71.Kd3 Re3+ 72.Kd2
Rf3 73.Ne2 Ne3 74.Nxg3 Nxg4 0-1

[Event "7th Marlboro Classic"]
[Site "Manila PHI"]
[Date "1979.06.27"]
[Round "11"]
[White "Dorfman, Iosif"]
[Black "Keene, Raymond Dennis"]
[WhiteElo "2595"]
[BlackElo "2465"]
[Result "1/2-1/2"]
[EventDate "1979.06.15"]
[PlyCount "81"]

1.d4 Nf6 2.c4 g6 3.Nc3 Bg7 4.e4 d6 5.f3 O-O 6.Bg5 c5 7.d5 h6 8.Be3 e6 9.
Qd2 exd5 10.cxd5 Kh7 11.Nge2 Nbd7 12.Ng3 a6 13.a4 Ne5 14.Be2 Bd7 15.O-O 
Rb8 16.h3 b5 17.f4 Nc4 18.Bxc4 bxc4 19.e5 Ne8 20.f5 dxe5 21.Bxc5 Rg8 22.
fxg6+ fxg6 23.Rf7 Qh4 24.Nge4 Bf5 25.Bf2 Qd8 26.d6 Rf8 27.Rxf8 Bxf8 28.Rd1
Nf6 29.Qe2 Nxe4 30.Nxe4 Bg7 31.d7 Qc7 32.Nc5 Rd8 33.Qxc4 e4 34.Qf7 Kh8 35.
Ne6 Bxe6 36.Qxe6 Qc2 37.Re1 Qxa4 38.Qxg6 Qxd7 39.Qxa6 Re8 40.Qc4 Bxb2 41.
Rxe4 1/2-1/2

[Event "7th Marlboro Classic"]
[Site "Manila PHI"]
[Date "1979.06.27"]
[Round "11"]
[White "Rogers, Ian"]
[Black "Olafsson, Fridrik"]
[WhiteElo "2390"]
[BlackElo "2555"]
[Result "0-1"]
[EventDate "1979.06.15"]
[PlyCount "94"]

1.e4 c5 2.Nf3 e6 3.c3 d5 4.e5 Nc6 5.d4 Bd7 6.Be2 f6 7.O-O Qc7 8.Re1 fxe5 
9.Nxe5 Nxe5 10.dxe5 O-O-O 11.Bf4 Ne7 12.Bd3 h6 13.Nd2 g5 14.Bg3 c4 15.Bc2 
Nc6 16.b4 Be8 17.Qg4 Qf7 18.Qe2 h5 19.f3 Kb8 20.Rad1 Qc7 21.Kh1 Rg8 22.Bf2
Bg6 23.Ba4 Bd3 24.Qe3 b6 25.Nb3 Bc2 26.Bxc6 cxb3 27.Bb5 Bxd1 28.Rxd1 bxa2 
29.Qd2 Bg7 30.Qxa2 Bxe5 31.Qa4 Rc8 32.Bd7 Qxc3 33.Qa6 Qc4 34.Bb5 Qc7 35.
Re1 h4 36.h3 Rgd8 37.Bg1 Bg3 38.Ra1 d4 39.Bc6 e5 40.b5 Bf4 41.Qa4 Rd6 42.
Be4 d3 43.Qb4 Rcd8 44.Qb3 d2 45.Rd1 Qd7 46.Be3 Rd3 47.Bxf4 Rxb3 0-1

[Event "7th Marlboro Classic"]
[Site "Manila PHI"]
[Date "1979.06.27"]
[Round "11"]
[White "Sampouw, Jacobus Sawandar"]
[Black "Maninang, Jesus Rafael"]
[WhiteElo "2320"]
[BlackElo "2310"]
[Result "0-1"]
[EventDate "1979.06.15"]
[PlyCount "36"]

1.e4 c5 2.Nf3 d6 3.d4 cxd4 4.Nxd4 Nf6 5.Nc3 a6 6.Be2 e6 7.Be3 Be7 8.O-O 
O-O 9.Qd2 Nc6 10.a4 Qc7 11.f3 Rd8 12.Nxc6 bxc6 13.a5 c5 14.Na4 d5 15.Nb6 
Rb8 16.exd5 Nxd5 17.Nc4 Bf6 18.Rab1 Nxe3 0-1

[Event "7th Marlboro Classic"]
[Site "Manila PHI"]
[Date "1979.06.28"]
[Round "12"]
[White "Maninang, Jesus Rafael"]
[Black "Bachtiar, Arovah"]
[WhiteElo "2310"]
[BlackElo "2365"]
[Result "1-0"]
[EventDate "1979.06.15"]
[PlyCount "55"]

1.e4 c5 2.Nf3 d6 3.d4 cxd4 4.Nxd4 Nf6 5.Nc3 a6 6.Bg5 e6 7.f4 Nbd7 8.Qf3 
Qc7 9.O-O-O b5 10.Bxb5 axb5 11.e5 Qb7 12.Ndxb5 dxe5 13.fxe5 Rxa2 14.Kb1 
Ra5 15.exf6 Qxf3 16.Nc7+ Kd8 17.fxg7+ Kxc7 18.gxh8=Q Qa8 19.Bd8+ Kxd8 20.
Qxf8+ Kc7 21.Qd6+ Kd8 22.b3 Ra6 23.Qf8+ Kc7 24.Qb4 Rb6 25.Qf4+ Kd8 26.Qxf7
Qa3 27.Qf6+ Kc7 28.Qxe6 1-0

[Event "7th Marlboro Classic"]
[Site "Manila PHI"]
[Date "1979.06.28"]
[Round "12"]
[White "Olafsson, Fridrik"]
[Black "Keene, Raymond Dennis"]
[WhiteElo "2555"]
[BlackElo "2465"]
[Result "1/2-1/2"]
[EventDate "1979.06.15"]
[PlyCount "25"]

1.d4 Nf6 2.c4 e6 3.Nf3 b6 4.g3 Ba6 5.Qa4 c5 6.Bg2 Bb7 7.O-O cxd4 8.Nxd4 
Bxg2 9.Kxg2 Qc7 10.Rd1 Be7 11.Nc3 O-O 12.Bf4 Qb7+ 13.f3 1/2-1/2

[Event "7th Marlboro Classic"]
[Site "Manila PHI"]
[Date "1979.06.28"]
[Round "12"]
[White "Rodriguez, Ruben"]
[Black "Dorfman, Iosif"]
[WhiteElo "2370"]
[BlackElo "2595"]
[Result "1/2-1/2"]
[EventDate "1979.06.15"]
[PlyCount "40"]

1.e4 e5 2.Nf3 Nc6 3.Bb5 a6 4.Bxc6 dxc6 5.O-O f6 6.d4 Bg4 7.dxe5 Qxd1 8.
Rxd1 fxe5 9.Rd3 Bd6 10.Nbd2 b5 11.c4 Nf6 12.b3 O-O-O 13.Bb2 Bc5 14.Rxd8+ 
Rxd8 15.Bxe5 Bxf3 16.Nxf3 Nxe4 17.Bxg7 bxc4 18.bxc4 Nxf2 19.g3 Rd7 20.Bh8 
Rd8 1/2-1/2

[Event "7th Marlboro Classic"]
[Site "Manila PHI"]
[Date "1979.06.28"]
[Round "12"]
[White "Rogers, Ian"]
[Black "Ardiansyah, Haji"]
[WhiteElo "2390"]
[BlackElo "2380"]
[Result "1-0"]
[EventDate "1979.06.15"]
[PlyCount "57"]

1.g3 e5 2.Bg2 Nf6 3.c4 d5 4.cxd5 Nxd5 5.Nc3 Be6 6.Nf3 Nc6 7.d3 f6 8.O-O 
Qd7 9.d4 Nxc3 10.bxc3 e4 11.Nd2 f5 12.Qa4 a6 13.f3 exf3 14.Bxf3 Be7 15.Rb1
O-O-O 16.Rb5 Rdf8 17.Ba3 Bxa3 18.Rxb7 Nxd4 19.Qxa6 Nxf3+ 20.Rxf3 Bc5+ 21.
Kf1 Kd8 22.Rd3 Bd6 23.c4 f4 24.g4 f3 25.exf3 Bxg4 26.c5 Bxf3 27.Nxf3 Qh3+ 
28.Kg1 Rf6 29.Rxd6+ 1-0